000 00666nam a2200229 i 4500
001 88752
003 ES-MaACL
005 20240320063117.0
007 t|
008 041203s1989 sp ||||1| spa d
020 _a84-206-5401-9
080 _a821.133.1(596.3)-31"19"
100 0 _aMaalouf, Amin,
_d1949-
_974991
245 1 0 _aLeón el Africano /
_cAmin Maalouf.
250 _a1ª ed. en "Alianza Cuatro", 3ª reimp.
260 _aMadrid :
_bAlianza Editorial,
_c1989.
300 _a330 p. ;
_c22 cm.
490 1 _aAlianza cuatro
830 0 _aAlianza cuatro
_9228058
852 _aES-MaACL
_jE-10583
_bR.134702
999 _c88752
_d88752